000 00878nam a2200265 a 4500
999 _c2872
_d2872
003 OSt
005 20210723060536.0
008 900206s1991 nyua b 000 0 eng c
020 _a0070519811 :
040 _cDLC
049 _aJHWW
_no
050 _aQR61.5
_b.M57 1991
096 _aQW 18 M626 1991
245 0 0 _aMicrobiology :
_bPreTest self-assessment and review.
250 _a6th ed. /
_bedited by Richard C. Tilton, Kay Buchanan.
260 _aNew York :
_bMcGraw-Hill, Health Professions Division, PreTest Series,
_cc1991.
300 _avii, 177 p. :
_bill. ;
_c22 cm.
504 _aIncludes bibliographical references (p. 177).
650 2 _aMicrobiology
_vexamination questions.
700 1 _aTilton, Richard C.
700 1 _aBuchanan, Kay.
910 _a150096
942 _2ddc
_cBK
_nSO
945 _aMATT
_b1
_d14.36
_gIRC
_hMAH
_jQW 18 M626
_k910829
_n70
_qF
_zPAPER
_w1